=LDR 00000nam 2200000 4500 =001 INLIS000000000029607 =005 20210506095204 =035 ##$$a 0010-061300000029607 =008 210506################g##########0#ind## =041 ##$$a Ind =082 ##$$a 340.72 =090 ##$$a 340.72, Sya o =100 ##$$a Syamsudin, M =245 1#$$a Operasionalisasi penelitian hukum /$c M. Syamsudin =260 ##$$a Jakarta :$b RajaGrafindo Persada,$c 2007 =300 ##$$a x, 176 hlm, : $b ilus. ; $c 21 x 14 cm. =650 #4$$a Hukum Penelitian =850 ##$$a NBPNMAT =020 ##$$a 978-979-769-148-6 =084 ##$$a 340.72 SYA o =990 ##$$a 20801370 =990 ##$$a 20801369 =990 ##$$a 20801368 =990 ##$$a 21004407